01242nam a2200241Ia 4500001000600000003000900006008004100015040001300056040001300069041001200082100002300094100002900117245005000146245005000196250001100246260002400257260001400281260004900295300004200344500056100386650002200947650003100969E8052IT-RoPAU130308s9999 xx 000 0 und d aIT-RoPAU cIT-RoPAU aINGLESE aBrunsdon Charlotte gCodice Aut. SPICS: 7556 aScreen Tastes: Soap Opera to Satellite Dishes bScreen Tastes: soap Opera to satellite Dishes a1a ed. aLONDON AND NEW YORK bRoutledge c1997 [1° Ed.:1997 - Ed.Ling.Originale:1997] a"246 p. (prefazione: 10; testo: 236)" aPreferenze Dello Schermo: soap Opera Sul Satellite. Difesa della soap Opera: Note Sulla soap Opera inglese Crossroads, Scrivere Sulla soap Opera, Femminismo e la soap Opera, ruolo della soap Opera Nello Sviluppo della Critica televisiva Femminista. ragazze in Carriera: un Soggetto per gli Anni 70, Generi maschili per Donne, Post Femminismo e Acquisto di Film. Problemi di Qualita': Estetica e Audience, Dischi del satellite e panorami di Gusto. Identità€ Femministe: pedagogie del Femminile, Identità€ nella Critica televisiva Femminista. Bibliografia. aGENERI TELEVISIVI eCodice materia Spics: 6960